000
00316nam a22001337a 4500
008
180207b xxu||||| |||| 00| 0 eng d
020
_a
9780073301914
041
_a
eng
080
_a
61
100
_a
2
101
_a
SHM
245
_a
CALCULATION AND ADMINISTRATION OF MEDICATIONS
_c
BOOTH.K.A
942
_2
udc
_c
BK
999
_c
41996
_d
41996